000 00659nam a2200205Ia 4500
003 GCL
008 140319s9999 xx 000 0 ara d
040 _aGCL /
_cGCL
082 0 4 _a410
_bا ل
100 1 _aانستاس الكرملى
245 1 0 _aلغة العرب /
_cانستاس الكرملى
700 1 _aابوعبدالرحمن ابن عقيل
700 1 _aامين سليمان سيدو
260 _a[S.N] :
_bمكتبة الملك عبدالعزيز العامة ،
_c1993
300 _a389 ص
490 _aسلسلة الاعمال المحكمة
_v0
650 0 4 _aتاريخ
650 0 4 _aاللغة العربية
942 _2ddc
_cBK
999 _c32629
_d32629